[Event "Leitersdorf Region-ch"]
[Site "Leitersdorf"]
[Date "2017.01.08"]
[Round "5.6"]
[White "Kiraly, Ferenc1"]
[Black "Suttner, Claus"]
[Result "1/2-1/2"]
[WhiteElo "1822"]
[BlackElo "2103"]
[PlyCount "77"]
[EventDate "2017.01.04"]
[EventType "swiss"]
[EventRounds "5"]
[EventCountry "AUT"]
[SourceTitle "EXT 2024"]
[Source "ChessBase"]
[SourceDate "2023.10.10"]
[SourceVersion "1"]
[SourceVersionDate "2023.10.10"]
[SourceQuality "1"]

1. e4 e5 2. Nf3 Nc6 3. Bb5 a6 4. Ba4 b5 5. Bb3 Be7 6. c3 Nf6 7. d3 h6 8. 0-0 0-0 9. Re1 d6 10. h3 Bb7 11. Nbd2 Nd7 12. Nf1 Na5 13. Bc2 c5 14. Ng3 Re8 15. Nf5 Nf8 16. Nh2 Bc8 17. Qh5 Bxf5 18. exf5 Bg5 19. Bxg5 Qxg5 20. Qxg5 hxg5 21. Nf3 f6 22. g4 g6 23. d4 Kg7 24. dxc5 dxc5 25. Rad1 Rad8 26. Be4 gxf5 27. gxf5 Nc4 28. b3 Nd6 29. Bc6 Re7 30. Rd2 Rc7 31. Be4 Kf7 32. Red1 Ke7 33. Kg2 Nf7 34. Rxd8 Nxd8 35. h4 Nf7 36. hxg5 Nxg5 37. Nxg5 fxg5 38. Rd5 Nd7 39. Kg3 1/2-1/2

[Event "Leitersdorf op"]
[Site "Leitersdorf"]
[Date "2016.01.06"]
[Round "5"]
[White "Suttner, Claus"]
[Black "Wilke, Werner"]
[Result "1/2-1/2"]
[WhiteElo "2080"]
[BlackElo "2252"]
[PlyCount "115"]
[EventDate "2016.01.02"]
[EventType "swiss"]
[EventRounds "5"]
[EventCountry "AUT"]
[SourceTitle "CBM 170 Extra"]
[Source "ChessBase"]
[SourceDate "2016.02.25"]
[SourceVersion "1"]
[SourceVersionDate "2016.02.25"]
[SourceQuality "1"]

1. c4 f5 2. Nc3 Nf6 3. g3 e5 4. d3 Be7 5. Bg2 0-0 6. f4 d6 7. Nd5 c6 8. Nxe7+ Qxe7 9. fxe5 dxe5 10. Bg5 Na6 11. Qd2 Be6 12. 0-0-0 Rad8 13. Qc3 Bf7 14. Nf3 Nb4 15. Kb1 e4 16. Bxf6 gxf6 17. Nh4 exd3 18. exd3 Bg6 19. a3 Na6 20. d4 c5 21. Bd5+ Kg7 22. Rhe1 Qd6 23. Qf3 cxd4 24. Ka1 Nc5 25. Nxf5+ Bxf5 26. Qxf5 Rfe8 27. b4 Nd7 28. Rxe8 Rxe8 29. Be4 Nf8 30. Bxb7 Ng6 31. Be4 Re5 32. Qg4 Qa6 33. Kb2 Qxc4 34. Qd7+ Re7 35. Qxd4 Rxe4 36. Qxc4 Rxc4 37. Rd7+ Kh6 38. Rxa7 Re4 39. Rf7 Re2+ 40. Kb3 Rxh2 41. Rxf6 Kg5 42. Re6 Kf5 43. Re8 Rg2 44. a4 Rxg3+ 45. Kc4 h5 46. b5 Ne5+ 47. Kc5 h4 48. a5 h3 49. a6 Ra3 50. Rh8 Ke6 51. Rh6+ Ke7 52. Rh7+ Ke8 53. Kb6 Nd7+ 54. Kc6 Rc3+ 55. Kb7 Nc5+ 56. Kb6 Nd7+ 57. Kb7 Nc5+ 58. Kb6 1/2-1/2

[Event "Leitersdorf op"]
[Site "Leitersdorf"]
[Date "2016.01.03"]
[Round "2"]
[White "Suttner, Claus"]
[Black "Stallinger, Vanessa"]
[Result "1-0"]
[WhiteElo "2080"]
[BlackElo "1773"]
[PlyCount "81"]
[EventDate "2016.01.02"]
[EventType "swiss"]
[EventRounds "5"]
[EventCountry "AUT"]
[SourceTitle "CBM 170 Extra"]
[Source "ChessBase"]
[SourceDate "2016.02.25"]
[SourceVersion "1"]
[SourceVersionDate "2016.02.25"]
[SourceQuality "1"]

1. d4 d5 2. Nf3 e6 3. e3 c6 4. Bd3 Nf6 5. Nbd2 Bd6 6. 0-0 0-0 7. b3 Nbd7 8. Bb2 Re8 9. Ne5 Nf8 10. f4 N6d7 11. Nef3 f6 12. c4 c5 13. Kh1 cxd4 14. Nxd4 Bc5 15. cxd5 exd5 16. Qf3 Nb6 17. Rac1 Bb4 18. Nb1 Ne6 19. Qh5 g6 20. Nxe6 Rxe6 21. Bxg6 hxg6 22. Qxg6+ Kf8 23. f5 Rd6 24. Qh6+ Ke8 25. Rf4 Rc6 26. Rxc6 bxc6 27. Rxb4 Kd7 28. Bxf6 Qe8 29. Rg4 Kc7 30. Qf4+ Kb7 31. Rg7+ Bd7 32. Bd4 Rd8 33. Nd2 Qf8 34. f6 c5 35. Be5 d4 36. exd4 cxd4 37. Qe4+ Kc8 38. Qc2+ Kb7 39. Nc4 Qb4 40. Qe4+ Ka6 41. h3 1-0

[Event "Leitersdorf op"]
[Site "Leitersdorf"]
[Date "2016.01.02"]
[Round "1"]
[White "Lafer, David"]
[Black "Suttner, Claus"]
[Result "0-1"]
[WhiteElo "1645"]
[BlackElo "2080"]
[PlyCount "60"]
[EventDate "2016.01.02"]
[EventType "swiss"]
[EventRounds "5"]
[EventCountry "AUT"]
[SourceTitle "CBM 170 Extra"]
[Source "ChessBase"]
[SourceDate "2016.02.25"]
[SourceVersion "1"]
[SourceVersionDate "2016.02.25"]
[SourceQuality "1"]

1. e4 e5 2. Nf3 d6 3. d4 exd4 4. Nxd4 Nf6 5. Bd3 Be7 6. 0-0 0-0 7. b3 Nbd7 8. Bb2 Nc5 9. Nd2 Nxd3 10. cxd3 c5 11. Ne2 b6 12. Qc2 Bb7 13. f3 Rc8 14. Nc4 d5 15. Nd2 Qc7 16. Rac1 Nd7 17. exd5 Bd6 18. h3 Bxd5 19. d4 Qd8 20. dxc5 Bxc5+ 21. Kh1 Bb7 22. Qf5 Re8 23. Ng3 g6 24. Qg4 Ne5 25. Bxe5 Rxe5 26. Nc4 Re6 27. Rfd1 Qe7 28. Nf5 Qf6 29. Nd4 Bxd4 30. Qxd4 Re1+ 0-1

[Event "AUT-chT2O 1112"]
[Site "Austria"]
[Date "2012.04.28"]
[Round "10.3"]
[White "Maslik, Miroslav"]
[Black "Suttner, Claus"]
[Result "1-0"]
[WhiteElo "2356"]
[BlackElo "2141"]
[PlyCount "41"]
[EventDate "2011.10.15"]
[EventType "team-tourn"]
[EventRounds "11"]
[EventCountry "AUT"]
[SourceTitle "EXT 2013"]
[Source "ChessBase"]
[SourceDate "2012.11.22"]
[SourceVersion "1"]
[SourceVersionDate "2012.11.22"]
[SourceQuality "1"]
[WhiteTeam "Pamhagen"]
[BlackTeam "Niederabsdorf"]
[WhiteTeamCountry "AUT"]
[BlackTeamCountry "AUT"]

1. d4 d5 2. c4 Nf6 3. cxd5 Nxd5 4. Nf3 e6 5. e4 Nb6 6. Nc3 Nc6 7. Be3 Bd6 8. Bb5 Bd7 9. 0-0 0-0 10. Rc1 a6 11. Be2 f5 12. d5 Ne5 13. dxe6 Nxf3+ 14. Bxf3 Bxe6 15. exf5 Bxf5 16. Bxb7 Rb8 17. Bxa6 Kh8 18. Nb5 Bd3 19. Re1 Bb4 20. Nxc7 Bxe1 21. Bxd3 1-0

[Event "AUT-chT2O 1112"]
[Site "Austria"]
[Date "2011.10.16"]
[Round "2.2"]
[White "Suttner, Claus"]
[Black "Vlcek, Stanislav"]
[Result "0-1"]
[WhiteElo "2141"]
[BlackElo "2330"]
[PlyCount "76"]
[EventDate "2011.10.15"]
[EventType "team-tourn"]
[EventRounds "11"]
[EventCountry "AUT"]
[SourceTitle "EXT 2013"]
[Source "ChessBase"]
[SourceDate "2012.11.22"]
[SourceVersion "1"]
[SourceVersionDate "2012.11.22"]
[SourceQuality "1"]
[WhiteTeam "Niederabsdorf"]
[BlackTeam "Nickelsdorf"]
[WhiteTeamCountry "AUT"]
[BlackTeamCountry "AUT"]

1. d4 Nf6 2. c4 g6 3. Nc3 Bg7 4. e4 d6 5. Bd3 Nc6 6. Nge2 e5 7. d5 Nd4 8. 0-0 c5 9. dxc6 bxc6 10. Nxd4 exd4 11. Ne2 Nd7 12. f4 0-0 13. Kh1 Nc5 14. Bc2 Bg4 15. Rb1 Re8 16. h3 Qh4 17. Kg1 Bxe2 18. Qxe2 Nxe4 19. Qf3 Ng3 20. Rd1 Ne2+ 21. Kh2 Nxc1 22. Rbxc1 Re3 23. Qg4 Qf6 24. Rf1 Rb8 25. Ba4 h5 26. Qd7 Rxb2 27. Bxc6 Re7 28. Qd8+ Kh7 29. Kh1 Ree2 30. Qd7 Bh6 31. c5 dxc5 32. f5 Bxc1 33. fxg6+ Qxg6 34. Rxf7+ Kh6 35. Rf8 Re1+ 36. Kh2 Rb8 37. Be4 Rxe4 38. Rxb8 Bf4+ 0-1

[Event "Voesendorf op-A 11th"]
[Site "Voesendorf"]
[Date "2008.05.22"]
[Round "2"]
[White "Suttner, Claus"]
[Black "Hrdina, Karl"]
[Result "1-0"]
[WhiteElo "2158"]
[BlackElo "1975"]
[PlyCount "77"]
[EventDate "2008.05.22"]
[EventType "swiss"]
[EventRounds "5"]
[EventCountry "AUT"]
[SourceTitle "CBM 124 Extra"]
[Source "ChessBase"]
[SourceDate "2008.07.03"]
[SourceVersion "1"]
[SourceVersionDate "2008.07.03"]
[SourceQuality "1"]

1. d4 d5 2. Nf3 Nf6 3. g3 c6 4. Bg2 Bf5 5. 0-0 h6 6. Nbd2 e6 7. a4 Bd6 8. b3 Ne4 9. Nxe4 Bxe4 10. Bb2 0-0 11. c4 Nd7 12. Qd2 Qe7 13. Rfc1 Rfe8 14. c5 Bc7 15. b4 a6 16. Ra3 e5 17. Re3 exd4 18. Nxd4 Qg5 19. f3 Bg6 20. f4 Qd8 21. b5 axb5 22. axb5 Ba5 23. Rxe8+ Qxe8 24. Bc3 Bxc3 25. Rxc3 Nf6 26. Qb2 Ra4 27. bxc6 bxc6 28. Rb3 Kh7 29. h3 Be4 30. Rb8 Qd7 31. Rb6 Bxg2 32. Kxg2 Rc4 33. Nxc6 d4 34. Qb1+ g6 35. Ne5 Qd5+ 36. Kh2 Nd7 37. Rd6 Qxc5 38. Rxd7 h5 39. Qxg6+ 1-0